000 00400nam a22001577a 4500
003 MPLRDC
005 20220104124658.0
008 210129b ||||| |||| 00| 0 eng d
082 _a855 LH-2
100 _a张秀亚、彭歌著
245 _a当代名家散文集
_c
260 _a
_b龙和出版有限公司
_c1988
300 _b
650 _a散文;随笔、日记
942 _cBK
_o855 LH-2
999 _c21270
_d21260